1731 1983 1007 1476 1408 1191 1475 1122 1604 1527 1535 1267 1385 1731 1429 1225 1992 1720 1513 1883 1994 1097 1426 1354 1224 1903 1407 1865 1066 1655 1920 1655 1088 1911 1571 1521 1868 1033 1840 1323 1268 1823 1395 1467 1282 1958 1003 1111 1989 1693 1816 1124 1833 1978 1544 1736 1526 1488 1246 1384 1077 1729 1954 1172 1863 1502 1079 1363 1783 1585 1641 1140 1880 1088 1583 1653 1814 1742 1221 1709 1779 1764 1837 1770 1467 1947 1675 1274 1715 1680 1835 1959 1714 1415 1613 1020 1334 1249 1911 BCNSPRNW ULIB Ver.6.0+V

เปลี่ยนเป็นภาษาไทย

Change to English
 แสดงรายละเอียดบรรณานุกรม
  กลับหน้าหลัก

Brief Record : Get Marc (ISO 2709) : E-mail record : QR code < ปิดหน้าต่าง
LEADER : 00000nam 2200000uu 4500
001    13399114546
003     ULIB
008    120412s2543||||th 000 0 tha d
020    ^a9747232243
060 04 ^aWA546^bอ658ร 2543
245 00 ^a(ร่าง) รูปแบบระบบบริการสุขภาพที่สอดคล้องกับสังคมไทยในสองทศวรรษหน้า/^cโครงการปฏิรูประบบบริการสาธารณสุข
250    ^aพิมพ์ครั้งที่ 2
260    ^aนนทบุรี :^bโครงการปฏิรูประบบบริการสาธารณสุข,^c2543
300    ^a95, [7] หน้า ;^c26 ซม.
500    ^aSend to Single Search
591    ^aLINU มีฉบับพิมพ์ครั้งที่ 1 พ.ศ. 2542
591    ^aLIRA มีฉบับพิมพ์ครั้งที่ 1 พ.ศ. 2542, มีฉบับพิมพ์ครั้งที่
591    ^aLISI มีฉบับพิมพ์ครั้งที่ 1 พ.ศ. 2542, มีฉบับพิมพ์ครั้งที่
650  4 ^aนโยบายด้านสุขภาพ^zไทย
650  4 ^aนโยบายสาธารณสุข^zไทย
650  4 ^aบริการทางการแพทย์^zไทย
650  4 ^aสาธารณสุข, การบริหาร^zไทย
650  4 ^aบริการสุขภาพ
650  4 ^aการส่งเสริมสุขภาพ
650  4 ^aสุขภาพ
700 0  ^aอารี วัลยะเสวี
710 2  ^aโครงการปฏิรูประบบบริการสาธารณสุข
945    ^p0^l0^i7527
995    ^aกัณชพร
999 ^a ใช้งานได้ทุกระบบ
รายการนี้ยังไม่มีแท็ก
คุณยังไม่ได้ล็อกอิน คุณสามารถมีกิจกรรมร่วมกับเว็บไซต์ได้ แต่ต้องล็อกอินก่อน ::
  ล็อกอิน

รายการสื่อสารสนเทศ

ลำดับที่ ประเภท เลขเรียก/บาร์โค้ด สถานที่ สถานะ
- ไม่พบข้อมูล -

รายการใกล้เคียง
    หัวเรื่อง [บริการสุขภาพ]
    หัวเรื่อง [การส่งเสริมสุขภาพ]
    หัวเรื่อง [สุขภาพ]

BibComment


ยังไม่เคยถูกคอมเมนท์

คอมเมนท์ทรัพยากรรายการนี้
  คอมเมนท์: ร่าง รูปแบบระบบบ..


 Copyright 2026. Bcnsprnw @Library